[Event "Oslo Chess Festival 2017 "]
[Site "Quality Hotel Expo, Fornebu"]
[Date "2017.09.29"]
[Round "2"]
[White "Kvendseth, Thyra"]
[Black "Leonhardsen, Vebjørn Maanum"]
[Result "1-0"]
[WhiteElo "1810"]
[BlackElo "1483"]
[PlyCount "93"]
[EventDate "2017.??.??"]

1. d4 d5 2. c4 c6 3. e3 Nf6 4. Nf3 Bf5 5. Nc3 e6 6. cxd5 exd5 7. Be2 Bd6 8. h3
h6 9. a3 O-O 10. b4 a6 11. O-O Ne4 12. Bb2 Nd7 13. Na4 Nef6 14. Nc5 Rb8 15. Rc1
Re8 16. a4 Qe7 17. Qb3 Qd8 18. Bc3 Ne4 19. Be1 Nef6 20. b5 axb5 21. Nxd7 Bxd7
22. axb5 cxb5 23. Bxb5 Bxb5 24. Qxb5 Qd7 25. Qb6 Rec8 26. Ba5 Rc6 27. Qb3 Ra6
28. Bb6 Ra3 29. Qc2 Ra6 30. Bc5 Bxc5 31. Qxc5 Qd8 32. Ne5 Qd6 33. Qc7 Qf8 34.
Rb1 b6 35. Nc6 Rba8 36. Rxb6 Rxb6 37. Qxb6 Kh8 38. Ne5 Qe7 39. Rc1 Ra7 40. Rc8+
Kh7 41. Qb8 Ra1+ 42. Kh2 Ng4+ 43. Nxg4 h5 44. Ne5 g6 45. Rc7 Qh4 46. Rxf7+ Kh6
47. Qh8+
1-0

[Event "Oslo Chess Festival 2017 "]
[Site "Quality Hotel Expo, Fornebu"]
[Date "2017.09.29"]
[Round "2"]
[White "Selvik, Kjetil"]
[Black "Aarnes, Carl Christian"]
[Result "1/2-1/2"]
[WhiteElo "1517"]
[BlackElo "1809"]
[PlyCount "138"]
[EventDate "2017.??.??"]

1. d4 Nf6 2. Bf4 e6 3. Nf3 b6 4. e3 Bb7 5. c3 Be7 6. Nbd2 Nh5 7. Bg3 d6 8. Bd3
Nd7 9. e4 c5 10. Bb5 Nxg3 11. hxg3 a6 12. Bd3 h6 13. Qc2 Qc7 14. g4 O-O-O 15.
O-O-O b5 16. Kb1 cxd4 17. Nxd4 Ne5 18. Be2 Bf6 19. Rc1 d5 20. exd5 Rxd5 21. f4
Nc6 22. Nxc6 Bxc6 23. Bf3 Rd7 24. Bxc6 Qxc6 25. g5 Be7 26. Ne4 b4 27. cxb4
Qxc2+ 28. Rxc2+ Rc7 29. Rxc7+ Kxc7 30. a3 Kc6 31. gxh6 Rxh6 32. Rc1+ Kd5 33.
Nc5 a5 34. Na6 axb4 35. Nxb4+ Bxb4 36. axb4 Rf6 37. g3 g5 38. Rc5+ Kd6 39. Rxg5
Kc6 40. Kc2 Rh6 41. b5+ Kb6 42. b4 f5 43. Rg8 Kxb5 44. Kb3 Rh1 45. Rb8+ Kc6 46.
Kc4 Re1 47. Rc8+ Kb6 48. Rc5 Re4+ 49. Kb3 Re3+ 50. Rc3 Re1 51. Ka4 Ra1+ 52. Ra3
Re1 53. Rc3 Ra1+ 54. Ra3 Re1 55. Rc3 e5 56. fxe5 Rxe5 57. Rf3 Rd5 58. Rf4 Re5
59. g4 fxg4 60. Rxg4 Re6 61. Rc4 Re1 62. Rc5 Ra1+ 63. Kb3 Rb1+ 64. Kc3 Rc1+ 65.
Kd4 Rd1+ 66. Kc4 Rc1+ 67. Kd4 Rb1 68. Kc4 Rb2 69. Kc3 Rb1
1/2-1/2

[Event "Oslo Chess Festival 2017 "]
[Site "Quality Hotel Expo, Fornebu"]
[Date "2017.09.29"]
[Round "2"]
[White "Kreken, Eivind Grunt"]
[Black "Jarve, Edvin"]
[Result "1/2-1/2"]
[WhiteElo "1486"]
[BlackElo "1805"]
[PlyCount "99"]
[EventDate "2017.??.??"]

1. e4 c5 2. Nf3 e6 3. b3 b6 4. Bb2 Bb7 5. Nc3 Nc6 6. Be2 d6 7. O-O Nf6 8. d3
Be7 9. Re1 O-O 10. Bf1 d5 11. h3 a6 12. exd5 exd5 13. d4 Bd6 14. dxc5 bxc5 15.
Bd3 Nb4 16. Bf5 d4 17. Ne4 Nxe4 18. Bxe4 Bxe4 19. Rxe4 Re8 20. Rxe8+ Qxe8 21.
a3 Nc6 22. Qd2 Ne5 23. Qe2 Nxf3+ 24. Qxf3 Ra7 25. Kf1 Re7 26. Qd3 Qc6 27. Qd2
Bc7 28. b4 Qb5+ 29. Qd3 c4 30. a4 Qe5 31. Qf3 h6 32. Rd1 Qh2 33. g4 c3 34. Bc1
Qd6 35. Be3 Qxb4 36. Bxd4 Qxa4 37. Qxc3 Qb5+ 38. Kg1 Qg5 39. Be3 Qe5 40. Qxe5
Bxe5 41. Rd8+ Kh7 42. Ra8 Re6 43. Ra7 f6 44. c4 Rc6 45. c5 Bc3 46. Kg2 Bb4 47.
Kf3 Bxc5 48. Bxc5 Rxc5 49. Rxa6 Rc3+ 50. Kg2
1/2-1/2

[Event "Oslo Chess Festival 2017 "]
[Site "Quality Hotel Expo, Fornebu"]
[Date "2017.09.29"]
[Round "2"]
[White "Aure, Anders Nilsson"]
[Black "Martinsen, Vegard"]
[Result "1/2-1/2"]
[WhiteElo "1803"]
[BlackElo "1443"]
[PlyCount "50"]
[EventDate "2017.??.??"]

1. c4 e6 2. Nc3 Nf6 3. d4 d5 4. cxd5 Nxd5 5. e4 Nxc3 6. bxc3 Be7 7. Nf3 O-O 8.
Bc4 c5 9. O-O Nc6 10. Bf4 cxd4 11. cxd4 Na5 12. Be2 b6 13. Rc1 Bd6 14. Qd2 Bb7
15. Qe3 Bxf4 16. Qxf4 Rc8 17. Rxc8 Qxc8 18. Rc1 Qd7 19. Rc7 Qd8 20. Ng5 Qf6 21.
Qxf6 gxf6 22. Nf3 Bxe4 23. Rxa7 Ra8 24. Rxa8+ Bxa8 25. Nd2 Bd5
1/2-1/2

[Event "Oslo Chess Festival 2017 "]
[Site "Quality Hotel Expo, Fornebu"]
[Date "2017.09.29"]
[Round "2"]
[White "Roksvold, Thore"]
[Black "Wright, Haakon"]
[Result "1/2-1/2"]
[WhiteElo "1479"]
[BlackElo "1795"]
[PlyCount "141"]
[EventDate "2017.??.??"]

1. d4 Nf6 2. Nc3 d5 3. Bg5 Bf5 4. f3 Nbd7 5. Nxd5 Nxd5 6. e4 h6 7. Bh4 Ne3 8.
Qd3 Nxf1 9. exf5 Nxh2 10. Rxh2 c6 11. g4 Qa5+ 12. c3 O-O-O 13. Qc4 Qc7 14. Rg2
f6 15. O-O-O Nb6 16. Qe6+ Qd7 17. Re2 Qxe6 18. Rxe6 Rd6 19. Rde1 Rxe6 20. Rxe6
Kd7 21. Re1 h5 22. g5 fxg5 23. Bxg5 h4 24. Nh3 Rh5 25. Re4 g6 26. fxg6 Nd5 27.
Kd1 e6 28. Rxh4 Rxh4 29. Bxh4 Ne3+ 30. Ke2 Nf5 31. Bf6 Bg7 32. Bxg7 Nxg7 33.
Ke3 Ke7 34. Ke4 Kf6 35. Nf4 Nf5 36. c4 Ng3+ 37. Kd3 Nf5 38. d5 cxd5 39. cxd5 e5
40. Ne6 Kxg6 41. Nd8 Nd6 42. b4 Kf5 43. Ne6 b5 44. Nc5 Kf4 45. Ne4 Nf7 46. Ke2
Kf5 47. Ke3 a6 48. Nc5 Nd6 49. Nxa6 Nc4+ 50. Ke2 e4 51. fxe4+ Kxe4 52. Nc5+
Kxd5 53. Kd3 Nb6 54. Kc3 Ke5 55. Kb3 Kd5 56. a4 bxa4+ 57. Nxa4 Kc6 58. Nxb6
Kxb6 59. Kc4 Kc6 60. b5+ Kb6 61. Kb4 Kb7 62. Kc5 Kc7 63. b6+ Kb7 64. Kb5 Kb8
65. Kc6 Kc8 66. Kd6 Kb8 67. Kc6 Kc8 68. Kb5 Kb8 69. Ka6 Ka8 70. b7+ Kb8 71. Kb6
1/2-1/2

[Event "Oslo Chess Festival 2017 "]
[Site "Quality Hotel Expo, Fornebu"]
[Date "2017.09.29"]
[Round "2"]
[White "Sidali, Elias Hulleberg"]
[Black "Larre, Linnea"]
[Result "1-0"]
[WhiteElo "1763"]
[BlackElo "1426"]
[PlyCount "127"]
[EventDate "2017.??.??"]

1. e4 c5 2. Nf3 g6 3. d4 cxd4 4. Qxd4 Nf6 5. Nc3 Nc6 6. Qa4 Bg7 7. e5 Ng4 8.
Qxg4 d6 9. Qa4 dxe5 10. Bb5 Bd7 11. Qe4 a6 12. Ba4 O-O 13. O-O Bf5 14. Qe2 Qc7
15. Re1 f6 16. Nd5 Qd6 17. Rd1 Rad8 18. Ne3 Qc7 19. Nxf5 gxf5 20. Be3 e4 21.
Nd4 Nxd4 22. Bxd4 e5 23. Bc3 b5 24. Bb3+ Kh8 25. Be6 f4 26. Qxe4 Rfe8 27. Bf5
Bh6 28. a4 Rg8 29. Rxd8 Rxd8 30. axb5 axb5 31. Ba5 Qxa5 32. Re1 Rd4 33. Qe2 Rd2
34. Qh5 Rd8 35. Rf1 Kg7 36. Qg4+ Kh8 37. Qh4 Kg7 38. g3 fxg3 39. hxg3 Rd4 40.
Qh5 Qd8 41. Bd3 Qc8 42. Ra1 Ra4 43. Rd1 Rd4 44. c3 Rd5 45. Qe2 Qd7 46. Kg2 Rd6
47. Qe4 Kh8 48. Bxb5 Qd8 49. Rh1 Qf8 50. Bd3 Rd7 51. Qf5 Qg7 52. Rxh6 Rxd3 53.
Qxf6 Qxf6 54. Rxf6 Kg7 55. Re6 Rd5 56. Re7+ Kg6 57. c4 Rc5 58. b3 h5 59. Kf3
Kf5 60. Ke3 Rc6 61. Rf7+ Kg6 62. Rf8 Rc5 63. Ke4 Kg7 64. Rf5
1-0

[Event "Oslo Chess Festival 2017 "]
[Site "Quality Hotel Expo, Fornebu"]
[Date "2017.09.29"]
[Round "2"]
[White "Beitnes, Andreas Røberg"]
[Black "Markussen, Petter B"]
[Result "0-1"]
[WhiteElo "1430"]
[BlackElo "1756"]
[PlyCount "60"]
[EventDate "2017.??.??"]

1. e4 e6 2. d4 d5 3. Nd2 Nf6 4. e5 Nfd7 5. f4 c5 6. c3 Nc6 7. Ndf3 Be7 8. Bd3
Qa5 9. Kf2 f6 10. g3 O-O 11. Ne2 fxe5 12. fxe5 Ncxe5 13. dxe5 Nxe5 14. Nf4 Nxf3
15. Qxf3 c4 16. Bxh7+ Kxh7 17. Qh5+ Kg8 18. Kg2 Qc5 19. Rf1 d4 20. Qg6 Bd7 21.
Nh5 Qd5+ 22. Kg1 Rxf1+ 23. Kxf1 Qh1+ 24. Kf2 Qxh2+ 25. Kf3 Bc6+ 26. Kg4 Qe2+
27. Kf4 Rf8+ 28. Nf6+ Rxf6+ 29. Qxf6 Bxf6 30. Be3 Qf3#
0-1

[Event "Oslo Chess Festival 2017 "]
[Site "Quality Hotel Expo, Fornebu"]
[Date "2017.09.29"]
[Round "2"]
[White "Smedsrud, Morten S"]
[Black "Mikelsen, Mattis"]
[Result "0-1"]
[WhiteElo "1371"]
[BlackElo "1754"]
[PlyCount "42"]
[EventDate "2017.??.??"]

1. d4 Nf6 2. c4 e6 3. Nf3 Bb4+ 4. Bd2 Bxd2+ 5. Nbxd2 d5 6. e3 O-O 7. Bd3 Nbd7
8. Rc1 b6 9. cxd5 Nxd5 10. Nc4 Bb7 11. O-O N7f6 12. Nce5 Qe7 13. Qc2 Rfc8 14.
a3 c5 15. Qb1 a6 16. Nh4 cxd4 17. exd4 Nf4 18. Nhf3 Nd7 19. Rfe1 Nxe5 20. dxe5
Bxf3 21. gxf3 Qg5+
0-1

[Event "Oslo Chess Festival 2017 "]
[Site "Quality Hotel Expo, Fornebu"]
[Date "2017.09.29"]
[Round "2"]
[White "Roque Sola, Maria Fernanda"]
[Black "Bentsen, Morten"]
[Result "1-0"]
[WhiteElo "1746"]
[BlackElo "1292"]
[PlyCount "63"]
[EventDate "2017.??.??"]

1. c4 c5 2. g3 Nf6 3. Bg2 e5 4. Nc3 Be7 5. e3 Na6 6. a3 d6 7. Nge2 Nc7 8. O-O
O-O 9. d4 cxd4 10. exd4 exd4 11. Nxd4 Re8 12. Bf4 Bg4 13. Qd2 Qd7 14. Bxb7 Qd8
15. Nc6 Qd7 16. Nxe7+ Qxe7 17. Bxa8 Rxa8 18. Qxd6 Qxd6 19. Bxd6 Ne6 20. f3 Bf5
21. Rfd1 Rc8 22. Nd5 Nxd5 23. cxd5 Ng5 24. Rac1 Nxf3+ 25. Kg2 Rxc1 26. Rxc1 Nd4
27. Bc5 Nb3 28. Rc3 Nxc5 29. Rxc5 Kf8 30. d6 Be4+ 31. Kf2 Ke8 32. Re5+
1-0

[Event "Oslo Chess Festival 2017 "]
[Site "Quality Hotel Expo, Fornebu"]
[Date "2017.09.29"]
[Round "2"]
[White "Hånes, Sturle"]
[Black "Mikalsen, Bengt Arne"]
[Result "1/2-1/2"]
[WhiteElo "1300"]
[BlackElo "1727"]
[PlyCount "98"]
[EventDate "2017.??.??"]

1. d4 d5 2. Bf4 Nf6 3. Nf3 e6 4. e3 Be7 5. Bd3 Nbd7 6. Nbd2 O-O 7. c3 c5 8. O-O
a6 9. e4 dxe4 10. Nxe4 cxd4 11. cxd4 Nxe4 12. Bxe4 Nf6 13. Bc2 b5 14. Rc1 Bb7
15. a3 Qd5 16. Re1 g6 17. Bb3 Qf5 18. Bg3 Bxf3 19. Qxf3 Qxf3 20. gxf3 Rac8 21.
Rc7 Rxc7 22. Bxc7 Rc8 23. Bf4 Nd7 24. Rc1 Rxc1+ 25. Bxc1 Nb6 26. Be3 Bf6 27.
Kf1 Kf8 28. Ke2 Ke7 29. Kd3 Bg7 30. h3 f6 31. f4 f5 32. Kc2 Kd6 33. Kd3 Nd5 34.
Bxd5 Kxd5 35. f3 Bf6 36. Bf2 a5 37. Kc3 g5 38. fxg5 Bxg5 39. Kd3 Bc1 40. Kc2
Bf4 41. Kd3 Bd6 42. Be3 f4 43. Bd2 b4 44. axb4 Bxb4 45. Bxf4 a4 46. Bc1 Ba5 47.
Bf4 Bb4 48. Bc1 Ba5 49. Bf4 Bb4
1/2-1/2

[Event "Oslo Chess Festival 2017 "]
[Site "Quality Hotel Expo, Fornebu"]
[Date "2017.09.29"]
[Round "2"]
[White "Schouten, Mathias Lind"]
[Black "Selvik, Elma"]
[Result "1-0"]
[WhiteElo "1718"]
[BlackElo "1186"]
[PlyCount "99"]
[EventDate "2017.??.??"]

1. e4 e5 2. Nf3 Nc6 3. Bc4 Nf6 4. d3 Bc5 5. O-O h6 6. Re1 O-O 7. c3 d6 8. Be3
b6 9. b4 Bxe3 10. fxe3 Bg4 11. Nbd2 d5 12. exd5 Nxd5 13. Qb3 Nf6 14. Bb5 Qd6
15. Nc4 Qd5 16. Bxc6 Qxc6 17. Ncxe5 Qd6 18. Nxg4 Nxg4 19. h3 Ne5 20. Nxe5 Qxe5
21. e4 Qg3 22. Qb2 Rad8 23. Rad1 Rfe8 24. Qd2 Re5 25. Re3 Qh4 26. Qf2 Qe7 27.
Rde1 f6 28. d4 Rg5 29. e5 fxe5 30. Rxe5 Rxe5 31. Rxe5 Qd6 32. Qe2 Qc6 33. Qf3
Qc4 34. Re7 Qxa2 35. Qg3 Qb1+ 36. Kh2 Qh7 37. Qxc7 Ra8 38. Qb7 Rf8 39. Qd5+ Kh8
40. Rxa7 Qg6 41. Qe5 Rf2 42. Qg3 Qxg3+ 43. Kxg3 Rc2 44. Rc7 Rd2 45. Rc6 Rd3+
46. Kf4 b5 47. Rc5 g5+ 48. Kf5 Rg3 49. Kg6 Rxg2 50. Rc8#
1-0

[Event "Oslo Chess Festival 2017 "]
[Site "Quality Hotel Expo, Fornebu"]
[Date "2017.09.29"]
[Round "2"]
[White "Naudeer, Terje Skonseng"]
[Black "Tostrup, Trond"]
[Result "0-1"]
[WhiteElo "1207"]
[BlackElo "1717"]
[PlyCount "52"]
[EventDate "2017.??.??"]

1. e4 c6 2. d4 d5 3. Nc3 dxe4 4. Nxe4 Nf6 5. Nxf6+ gxf6 6. Nf3 Bg4 7. Be2 Nd7
8. O-O Qc7 9. Re1 O-O-O 10. c3 e5 11. dxe5 fxe5 12. Qa4 Bxf3 13. Bxf3 Bc5 14.
Rb1 a6 15. Be3 f5 16. b4 Bxe3 17. Rxe3 e4 18. Be2 Nb6 19. Qc2 Nd5 20. Rh3 Qe5
21. Rd1 f4 22. Rd4 Nf6 23. Rxd8+ Rxd8 24. a3 e3 25. Bd3 Rxd3 26. Qxd3 e2
0-1

[Event "Oslo Chess Festival 2017 "]
[Site "Quality Hotel Expo, Fornebu"]
[Date "2017.09.29"]
[Round "2"]
[White "Reigstad, Erlend"]
[Black "Haynes, Noah"]
[Result "1/2-1/2"]
[WhiteElo "1687"]
[BlackElo "1114"]
[PlyCount "66"]
[EventDate "2017.??.??"]

1. c4 e6 2. g3 c5 3. Bg2 Nf6 4. b3 d5 5. Bb2 Nc6 6. Nc3 d4 7. Ne4 Nxe4 8. Bxe4
Be7 9. Rc1 O-O 10. f4 Qc7 11. Nf3 Bf6 12. Qc2 g6 13. O-O Bg7 14. Ne1 e5 15. f5
Bd7 16. Nd3 a5 17. f6 Bh8 18. Bxc6 Bxc6 19. Nxc5 Qd6 20. Ne4 Bxe4 21. Qxe4 Bxf6
22. Qxb7 Rfb8 23. Qf3 Kg7 24. c5 Qe7 25. c6 Bg5 26. c7 Rc8 27. Rc2 Ra7 28. h4
Bh6 29. g4 Kg8 30. g5 Bg7 31. Qg4 Raxc7 32. Qxc8+ Rxc8 33. Rxc8+ Bf8
1/2-1/2

[Event "Oslo Chess Festival 2017 "]
[Site "Quality Hotel Expo, Fornebu"]
[Date "2017.09.29"]
[Round "2"]
[White "Madsen, Øystein"]
[Black "Grindbakken, Erik"]
[Result "0-1"]
[WhiteElo "1169"]
[BlackElo "1675"]
[PlyCount "96"]
[EventDate "2017.??.??"]

1. f4 e5 2. fxe5 d6 3. exd6 Bxd6 4. Nf3 g5 5. g3 g4 6. Nh4 Ne7 7. e4 Nbc6 8. d4
Nxd4 9. c3 Ndc6 10. Be3 Ng6 11. Ng2 Nce5 12. Nd2 h5 13. Bf2 Be7 14. Qa4+ Bd7
15. Qd4 Nc6 16. Qd3 Nge5 17. Qc2 Bf6 18. O-O-O Qe7 19. Ne3 O-O-O 20. Nd5 Qe6
21. Nc4 Nf3 22. Nxf6 Qxf6 23. Be3 Be6 24. Be2 Rxd1+ 25. Qxd1 Rd8 26. Qc2 Bxc4
27. Bxc4 Nfe5 28. Bd5 Kb8 29. Rd1 Ne7 30. Bb3 N7c6 31. Rxd8+ Qxd8 32. Qd1 Qe7
33. Qf1 Nf3 34. Qe2 b6 35. Bf4 f5 36. Bd5 Qe8 37. Qa6 fxe4 38. Bxc6 Qxc6 39.
Be3 Nxh2 40. Qe2 Nf3 41. Kc2 Qa4+ 42. Kb1 Qd7 43. Qc2 Qd5 44. Qc1 Qd3+ 45. Ka1
Qe2 46. a3 Ne1 47. Bf4 Nd3 48. Qe3 Qxb2#
0-1

[Event "Oslo Chess Festival 2017 "]
[Site "Quality Hotel Expo, Fornebu"]
[Date "2017.09.29"]
[Round "3"]
[White "Haug, Johannes"]
[Black "Gajewski, Grzegorz"]
[Result "1/2-1/2"]
[WhiteElo "2379"]
[BlackElo "2630"]
[PlyCount "133"]
[EventDate "2017.??.??"]

1. d4 Nf6 2. c4 e6 3. Nf3 Bb4+ 4. Bd2 c5 5. Bxb4 cxb4 6. g3 O-O 7. Bg2 d6 8.
O-O a5 9. a3 Na6 10. Ne1 Qb6 11. axb4 axb4 12. e3 e5 13. c5 dxc5 14. dxe5 Ng4
15. Nf3 Rd8 16. Qc2 Qc7 17. Qe4 c4 18. Nbd2 c3 19. bxc3 bxc3 20. Nb3 Be6 21.
Nbd4 Nc5 22. Nxe6 Rxa1 23. Rxa1 Nxe6 24. Rc1 Nxf2 25. Kxf2 Nc5 26. Qc2 Nd3+ 27.
Kg1 Nxc1 28. Qxc1 b5 29. Nd4 b4 30. e6 Qc4 31. Bf1 Qd5 32. Bg2 Qa2 33. exf7+
Kxf7 34. Bh3 Qd2 35. Be6+ Ke7 36. Qxd2 cxd2 37. Bb3 Rf8 38. Kg2 g5 39. g4 h5
40. gxh5 g4 41. Bd1 Rh8 42. Kg3 Rxh5 43. Kxg4 Rxh2 44. Kf3 Kd6 45. e4 Kc5 46.
Ke3 Kc4 47. Ne2 b3 48. Bxb3+ Kxb3 49. Kxd2 Rh3 50. e5 Kc4 51. e6 Rd3+ 52. Kc2
Re3 53. Nc1 Rxe6 54. Kb2 Rh6 55. Kc2 Rh2+ 56. Kb1 Kc3 57. Na2+ Kb3 58. Nc1+ Ka3
59. Nd3 Re2 60. Nc1 Rb2+ 61. Ka1 Rb5 62. Ne2 Rb3 63. Nf4 Rb2 64. Ne6 Rb3 65.
Nd4 Rb7 66. Ne6 Kb3 67. Nc5+
1/2-1/2

[Event "Oslo Chess Festival 2017 "]
[Site "Quality Hotel Expo, Fornebu"]
[Date "2017.09.29"]
[Round "3"]
[White "Vovk, Andriy"]
[Black "Efroimski, Marsel"]
[Result "1-0"]
[WhiteElo "2622"]
[BlackElo "2331"]
[PlyCount "57"]
[EventDate "2017.??.??"]

1. e4 c5 2. Nf3 d6 3. d4 cxd4 4. Nxd4 Nf6 5. Nc3 Nc6 6. f3 e5 7. Nb3 Be7 8. Be3
Be6 9. Qe2 O-O 10. O-O-O Na5 11. Qb5 Nxb3+ 12. axb3 Qc7 13. g4 a6 14. Qd3 Rac8
15. g5 Nd7 16. Kb1 b5 17. h4 Nc5 18. Qd2 b4 19. Nd5 Bxd5 20. Qxd5 a5 21. Bc4 a4
22. h5 a3 23. g6 h6 24. Rhg1 axb2 25. Kxb2 Na4+ 26. Kc1 Nb6 27. gxf7+ Kh8 28.
Qe6 Nxc4 29. Rxg7
1-0

[Event "Oslo Chess Festival 2017 "]
[Site "Quality Hotel Expo, Fornebu"]
[Date "2017.09.29"]
[Round "3"]
[White "Devereaux, Maxim L"]
[Black "Maze, Sebastien"]
[Result "1/2-1/2"]
[WhiteElo "2357"]
[BlackElo "2614"]
[PlyCount "121"]
[EventDate "2017.??.??"]

1. d4 Nf6 2. c4 g6 3. Nc3 Bg7 4. e4 d6 5. Be2 O-O 6. Bg5 c5 7. d5 h6 8. Bf4 a6
9. a4 Qa5 10. Bd2 e6 11. Nf3 exd5 12. exd5 Bg4 13. O-O Qc7 14. Ra3 Re8 15. h3
Bxf3 16. Bxf3 Nbd7 17. Re1 Rxe1+ 18. Qxe1 Re8 19. Qc1 h5 20. a5 Kh7 21. Rb3 Kg8
22. Be2 Ne4 23. Nxe4 Rxe4 24. Bd3 Re8 25. Bf1 Bd4 26. Bc3 Bxc3 27. Qxc3 Re4 28.
f3 Re7 29. Qd2 Nf6 30. Rb6 Re5 31. f4 Re4 32. Bd3 Rd4 33. Qe3 Ne4 34. f5 gxf5
35. Bxe4 fxe4 36. Qg5+ Kf8 37. Qf6 e3 38. Qh6+ Ke8 39. Qxe3+ Qe7 40. Qxe7+ Kxe7
41. Rxb7+ Kf6 42. b3 Rd3 43. Kf2 Ke5 44. Rxf7 Rxb3 45. Re7+ Kd4 46. Re6 Kxc4
47. Rxd6 Rd3 48. Rxa6 Rxd5 49. Rh6 Kd3 50. a6 c4 51. a7 Ra5 52. Rxh5 Rxa7 53.
Rd5+ Ke4 54. Rd8 c3 55. Ke2 Ra2+ 56. Kd1 Rxg2 57. h4 Rh2 58. h5 Rxh5 59. Kc2
Rd5 60. Rxd5 Kxd5 61. Kxc3
1/2-1/2

[Event "Oslo Chess Festival 2017 "]
[Site "Quality Hotel Expo, Fornebu"]
[Date "2017.09.29"]
[Round "3"]
[White "Cornette, Matthieu"]
[Black "Risting, Eivind Olav"]
[Result "1-0"]
[WhiteElo "2602"]
[BlackElo "2322"]
[PlyCount "75"]
[EventDate "2017.??.??"]

1. e4 c6 2. d4 d5 3. exd5 cxd5 4. Bd3 Nc6 5. c3 Qc7 6. Ne2 Bg4 7. O-O Nf6 8.
Qe1 e6 9. f3 Bh5 10. Qh4 Bg6 11. Bxg6 fxg6 12. Re1 Kf7 13. Bf4 Qb6 14. Nd2 e5
15. Be3 exd4 16. Nxd4 Nxd4 17. Bxd4 Bc5 18. Nb3 Bxd4+ 19. Qxd4 Qxd4+ 20. Nxd4
a6 21. Re6 Rhe8 22. Rae1 g5 23. Kf2 g6 24. Rb6 Rxe1 25. Kxe1 Re8+ 26. Kd2 Re7
27. Nb3 g4 28. Na5 gxf3 29. gxf3 Re5 30. Rxb7+ Ke6 31. Rb6+ Kf7 32. Rxa6 Rh5
33. Ke3 Rxh2 34. Rb6 h5 35. Nc6 Rh1 36. Rb7+ Kf8 37. Ne5 g5 38. Rf7+
1-0

[Event "Oslo Chess Festival 2017 "]
[Site "Quality Hotel Expo, Fornebu"]
[Date "2017.09.29"]
[Round "3"]
[White "Urkedal, Frode Olav Olsen"]
[Black "Bruaset, Eivind"]
[Result "1-0"]
[WhiteElo "2570"]
[BlackElo "2012"]
[PlyCount "61"]
[EventDate "2017.??.??"]

1. d4 e6 2. Nf3 f5 3. g3 Nf6 4. Bg2 Be7 5. O-O O-O 6. c4 d6 7. b4 a5 8. b5 Ne4
9. Bb2 a4 10. Nfd2 d5 11. Nxe4 fxe4 12. Nc3 a3 13. Bc1 Bf6 14. cxd5 exd5 15.
Qb3 Be6 16. Nxe4 dxe4 17. Qxe6+ Kh8 18. e3 Re8 19. Qb3 Qe7 20. Bd2 c5 21. bxc6
Nxc6 22. Rab1 Reb8 23. Rfc1 g6 24. Rc5 Nd8 25. Qc2 Ne6 26. Rc4 Ng5 27. Rb6 Qd8
28. Rc7 Nf3+ 29. Bxf3 exf3 30. Qc4 Qg8 31. Qxg8+
1-0

[Event "Oslo Chess Festival 2017 "]
[Site "Quality Hotel Expo, Fornebu"]
[Date "2017.09.29"]
[Round "3"]
[White "Chatalbashev, Boris"]
[Black "Tryggestad, Andreas G"]
[Result "1-0"]
[WhiteElo "2537"]
[BlackElo "2302"]
[PlyCount "69"]
[EventDate "2017.??.??"]

1. c4 Nf6 2. Nc3 d5 3. cxd5 Nxd5 4. g3 Nxc3 5. bxc3 g6 6. Bg2 Bg7 7. Rb1 Nc6 8.
Nf3 O-O 9. Qc2 e5 10. d3 Rb8 11. O-O Be6 12. Ng5 Bd7 13. Rd1 b6 14. h4 h6 15.
Nf3 Qe7 16. Nd2 Na5 17. e4 c5 18. Nf1 Bc6 19. h5 Qd7 20. Qe2 Ba4 21. Rd2 c4 22.
dxc4 Qe6 23. Ne3 Rfd8 24. Rxd8+ Rxd8 25. Kh2 Qd6 26. Nd5 Rc8 27. Bh3 Rxc4 28.
hxg6 fxg6 29. Rb4 Rxc3 30. Bd2 Ra3 31. Rxb6 axb6 32. Bb4 Qd8 33. Bxa3 Bd7 34.
Qd3 Kh8 35. Ne7
1-0

[Event "Oslo Chess Festival 2017 "]
[Site "Quality Hotel Expo, Fornebu"]
[Date "2017.09.29"]
[Round "3"]
[White "Chu, Wei Chao"]
[Black "Blomqvist, Erik"]
[Result "1-0"]
[WhiteElo "2340"]
[BlackElo "2521"]
[PlyCount "84"]
[EventDate "2017.??.??"]

1. d4 Nf6 2. Nf3 e6 3. Bf4 d5 4. e3 Bd6 5. Bg3 O-O 6. Nbd2 b6 7. c3 Bb7 8. Bd3
Ne4 9. a4 a5 10. Qc2 f5 11. O-O Nxg3 12. hxg3 Nd7 13. c4 g6 14. Rfc1 c6 15. Qb3
Rb8 16. cxd5 exd5 17. e4 fxe4 18. Nxe4 Bb4 19. Nc3 Qf6 20. Re1 Rbe8 21. Qc2 Kg7
22. Re2 Rxe2 23. Nxe2 Bd6 24. Qd2 Rf7 25. Rf1 c5 26. b3 Re7 27. Nh2 h5 28. Nf3
cxd4 29. Nh4 Ne5 30. Nxd4 Bc5 31. Ne2 Nxd3 32. Qxd3 d4 33. Nf4 Be4 34. Qd1 d3
35. Kh1 Qg5 36. Nf3 Qf5 37. Nh4 Qg5 38. Nf3 Qf6 39. Nh4 Rd7 40. Re1 Bxf2 41.
Rxe4 Bxg3 42. Nhxg6 Kf7
1-0

[Event "Oslo Chess Festival 2017 "]
[Site "Quality Hotel Expo, Fornebu"]
[Date "2017.09.29"]
[Round "3"]
[White "Stany, G.A."]
[Black "Al-Tarbosh, Ward"]
[Result "1-0"]
[WhiteElo "2491"]
[BlackElo "2270"]
[PlyCount "77"]
[EventDate "2017.??.??"]

1. e4 e6 2. d4 d5 3. e5 c5 4. c3 Nc6 5. Nf3 Qb6 6. a3 Nh6 7. b4 cxd4 8. cxd4
Nf5 9. Bb2 Bd7 10. g4 Nfe7 11. Nc3 Ng6 12. Qd2 h5 13. Rg1 Nce7 14. h3 hxg4 15.
hxg4 f6 16. Bd3 Rh3 17. Rg3 Rxg3 18. fxg3 fxe5 19. dxe5 Nh8 20. Ke2 Nf7 21. Qf4
d4 22. Nxd4 g5 23. Qe3 O-O-O 24. Nf3 Qxe3+ 25. Kxe3 Nc6 26. Ne4 Bg7 27. Rc1 Kb8
28. Nf6 Bc8 29. Rh1 Rh8 30. Rxh8 Bxh8 31. Bg6 Ncd8 32. Ne4 Bg7 33. Ke2 Bh6 34.
Bc1 Bd7 35. Nexg5 Bc6 36. Nxf7 Nxf7 37. Bxh6 Bxf3+ 38. Ke3 Nxe5 39. Bf4
1-0

[Event "Oslo Chess Festival 2017 "]
[Site "Quality Hotel Expo, Fornebu"]
[Date "2017.09.29"]
[Round "3"]
[White "Gabrielsen, Stig"]
[Black "Li, Di"]
[Result "0-1"]
[WhiteElo "2314"]
[BlackElo "2459"]
[PlyCount "74"]
[EventDate "2017.??.??"]

1. e4 e6 2. d4 d5 3. Nc3 dxe4 4. Nxe4 Bd7 5. Nf3 Bc6 6. Bd3 Nd7 7. O-O Ngf6 8.
Ned2 Be7 9. Re1 O-O 10. Nc4 b6 11. c3 Bb7 12. b4 Qc8 13. Bg5 h6 14. Bd2 Rd8 15.
Qe2 a5 16. b5 c5 17. Nfe5 Bd5 18. Ne3 Nxe5 19. dxe5 Be4 20. Bxe4 Nxe4 21. Nc4
Nxd2 22. Nxd2 c4 23. a4 Rd3 24. Red1 Rxc3 25. Rac1 Rxc1 26. Rxc1 c3 27. Nc4 Qc5
28. Rxc3 Rc8 29. g3 Qd4 30. Rc2 Qa1+ 31. Kg2 Qxa4 32. Ne3 Rxc2 33. Nxc2 Qb3 34.
f3 Bc5 35. h4 a4 36. Qe4 a3 37. h5 a2
0-1

[Event "Oslo Chess Festival 2017 "]
[Site "Quality Hotel Expo, Fornebu"]
[Date "2017.09.29"]
[Round "3"]
[White "Arvola, Benjamin"]
[Black "Myhrvold, Rune"]
[Result "1-0"]
[WhiteElo "2458"]
[BlackElo "2243"]
[PlyCount "67"]
[EventDate "2017.??.??"]

1. e4 c6 2. d4 d5 3. Nc3 dxe4 4. Nxe4 Nf6 5. Nxf6+ exf6 6. c3 Bd6 7. Bd3 O-O 8.
Qc2 Re8+ 9. Ne2 g6 10. Be3 Nd7 11. O-O-O Nf8 12. Kb1 b5 13. h4 Be6 14. h5 Qa5
15. Nc1 Bd5 16. hxg6 fxg6 17. Bh6 Qc7 18. f3 f5 19. Rh3 Re7 20. c4 bxc4 21.
Bxc4 Rae8 22. Rhh1 Qa5 23. Nb3 Qb6 24. Rc1 Rc7 25. Bd2 Rce7 26. Na5 Nd7 27. Qa4
Kh8 28. Bg5 Rf7 29. Nb3 Qb8 30. Bxd5 cxd5 31. Rc6 Rff8 32. Rhc1 Nb6 33. Qb5 Rf7
34. Rxd6
1-0

[Event "Oslo Chess Festival 2017 "]
[Site "Quality Hotel Expo, Fornebu"]
[Date "2017.09.29"]
[Round "3"]
[White "Bentsen, Håkon"]
[Black "Bartholomew, John"]
[Result "0-1"]
[WhiteElo "2071"]
[BlackElo "2449"]
[PlyCount "50"]
[EventDate "2017.??.??"]

1. e4 c5 2. Nf3 d6 3. d4 cxd4 4. Nxd4 Nf6 5. Nc3 Nc6 6. Be3 e5 7. Nb3 Be7 8. f3
O-O 9. Qd2 a5 10. Na4 Be6 11. Nb6 a4 12. Nxa8 Qxa8 13. Nc1 a3 14. c3 d5 15. Bg5
Nxe4 16. fxe4 axb2 17. Rb1 bxc1=Q+ 18. Qxc1 Bxg5 19. Qxg5 Qxa2 20. Rxb7 Ra8 21.
Qd2 Qa1+ 22. Kf2 d4 23. Rb2 h6 24. g3 dxc3 25. Qxc3 Ra2
0-1

[Event "Oslo Chess Festival 2017 "]
[Site "Quality Hotel Expo, Fornebu"]
[Date "2017.09.29"]
[Round "3"]
[White "Dolzhykova, Kateryna"]
[Black "Xu, Yi"]
[Result "0-1"]
[WhiteElo "2270"]
[BlackElo "2439"]
[PlyCount "52"]
[EventDate "2017.??.??"]

1. e4 c5 2. Nf3 Nc6 3. Bb5 g6 4. Bxc6 bxc6 5. O-O Bg7 6. Re1 Nf6 7. e5 Nd5 8.
c4 Nc7 9. d4 cxd4 10. Qxd4 Ne6 11. Qh4 d6 12. Nc3 dxe5 13. Nxe5 Qc7 14. Qe4 O-O
15. b4 f5 16. Qe3 f4 17. Qe4 Rf5 18. Nxc6 Bxc3 19. Nxe7+ Qxe7 20. Qxa8 Rf8 21.
Ba3 Bxa1 22. Rxa1 Bb7 23. Qxa7 Ra8 24. b5 Qg7 25. Qxa8+ Bxa8 26. Rb1 Qc3
0-1